00453nam a2200097Ia 4500008004100000020001800041100002900059245022500088260002800313300001400341171205s9999 xx 000 0 und d a9781680954609 aMratinkovic, Aleksandar. cAleksandar Mratinkovic, Dan Piestun, Hazen Shwky Fouda, Felecia Killings, Sandra El Hajj, Fozia Parveen, Igor Krunic, Jovan Peheevski, Tanjina Nur, Stephen Obtained, MichelleaProfessional Development and Career Planning b3G E-learning LLCc2017 a243 pages